000 00245nam a22001097a 4500
999 _c261126
_d261125
020 _a9780545708104
100 _aLisa Schroeder
245 _aMy Secret Guide To Paris
260 _aNew York
_bScholastic
_c2015
300 _a216 pgs
942 _cBK